[Event "Superettan(Upsala-Orebro)"]
[Site "?"]
[Date "2011.10.22"]
[Round "1"]
[White "Nygren, Kim"]
[Black "Lundvik, Jonas"]
[Result "1-0"]
[WhiteElo "2336"]
[BlackElo "2294"]
[PlyCount "79"]

1. e4 e6 2. d4 d5 3. Nc3 Bb4 4. e5 b6 5. Qg4 Bf8 6. Bb5+ c6 7. Be2 Qd7 8. Nh3
Ba6 9. O-O Ne7 10. a4 Nf5 11. Re1 Bb4 12. Nf4 Bxe2 13. Rxe2 Na6 14. Nh5 O-O-O
15. Na2 Be7 16. Bd2 Kb7 17. b4 Rc8 18. c3 Nc7 19. Nc1 g6 20. Ng3 h5 21. Qf3
Rcg8 22. Nb3 h4 23. Nf1 g5 24. h3 f6 25. Nh2 fxe5 26. dxe5 Rf8 27. Qd3 Rhg8 28.
Ng4 Qe8 29. c4 dxc4 30. Qxc4 Qd7 31. a5 Qd5 32. Qc2 Qb5 33. Re4 Rd8 34. Rc4 Rd5
35. axb6 axb6 36. Rxc6 Qxc6 37. Ra7+ Kxa7 38. Qxc6 Bd8 39. Be3 Rb5 40. Na5 1-0

[Event "Superettan(Upsala-Orebro)"]
[Site "?"]
[Date "2011.10.22"]
[Round "1"]
[White "Andersson, Fredrik"]
[Black "Alm, Hakan"]
[Result "1-0"]
[WhiteElo "2374"]
[BlackElo "2325"]
[PlyCount "53"]

1. e4 c6 2. d4 d5 3. e5 Bf5 4. Nf3 e6 5. Be2 Ne7 6. O-O Nc8 7. Nbd2 Be7 8. Nb3
Nd7 9. Be3 f6 10. Nh4 fxe5 11. Nxf5 exf5 12. dxe5 Nxe5 13. Bd4 Bf6 14. Bxe5
Bxe5 15. Bh5+ Ke7 16. Re1 Kd6 17. Rxe5 g6 18. Qd4 Nb6 19. Qf4 Kd7 20. Nc5+ Kc8
21. Rae1 a5 22. Bf3 Ra7 23. Re7 Na8 24. Qe5 Rg8 25. Qe6+ Kb8 26. Nd7+ Kc7 27.
Nf6+ 1-0

[Event "Superettan(Upsala-Orebro)"]
[Site "?"]
[Date "2011.10.22"]
[Round "1"]
[White "Lundin, Jan"]
[Black "Burwick, Malte"]
[Result "0-1"]
[WhiteElo "2297"]
[BlackElo "2289"]
[PlyCount "80"]

1. e4 g6 2. Nc3 Bg7 3. f4 d6 4. Nf3 e6 5. g3 c5 6. Bg2 Nc6 7. d3 Rb8 8. O-O
Nge7 9. Rb1 b5 10. a3 a5 11. a4 b4 12. Ne2 e5 13. Nh4 exf4 14. Bxf4 Nd4 15.
Nxd4 cxd4 16. Qd2 O-O 17. Bh6 Bd7 18. b3 Rc8 19. Rf2 Nc6 20. Rbf1 Ne5 21. h3
Rc5 22. Kh2 Qc7 23. Bxg7 Kxg7 24. Bf3 Qc8 25. g4 h5 26. Bd1 hxg4 27. Rg1 Rh8
28. Qf4 Qd8 29. Nf5+ gxf5 30. exf5 Rxh3+ 31. Kg2 Rh5 32. Bxg4 Rh7 33. Kf1 Qf6
34. Qxd4 Kf8 35. Bd1 Rh4 36. Qe3 Nc6 37. Qg3 Rxf5 38. Bf3 Ne5 39. Be4 Rxf2+ 40.
Qxf2 Rf4 0-1

[Event "Superettan(Upsala-Orebro)"]
[Site "?"]
[Date "2011.10.22"]
[Round "1"]
[White "Glimbrant, Torbjorn"]
[Black "Lind, Jan-Olov"]
[Result "1-0"]
[WhiteElo "2322"]
[BlackElo "2253"]
[PlyCount "191"]

1. c4 Nf6 2. Nf3 g6 3. Nc3 Bg7 4. g3 O-O 5. Bg2 d6 6. O-O Nbd7 7. d4 a6 8. d5
Ng4 9. h3 Nge5 10. Nd2 Nb6 11. Qb3 Rb8 12. f4 Ned7 13. Qc2 Nc5 14. Rb1 Bd7 15.
Kh2 a5 16. b3 c6 17. Bb2 cxd5 18. cxd5 Rc8 19. Rbc1 Na8 20. Qb1 b5 21. Nce4
Nxe4 22. Nxe4 b4 23. Bxg7 Kxg7 24. Rxc8 Qxc8 25. Rc1 Qa6 26. Bf3 Rc8 27. Rxc8
Qxc8 28. Qb2+ Kg8 29. h4 h5 30. a3 Bf5 31. axb4 Bxe4 32. Bxe4 axb4 33. Kg2 Qc5
34. Qc2 Qxc2 35. Bxc2 Nc7 36. e4 Nb5 37. Kf2 Kg7 38. Ke3 e6 39. dxe6 fxe6 40.
Bd3 Nc3 41. Kd4 Nd1 42. Be2 Nc3 43. Bd3 Nd1 44. Bc2 Nc3 45. Kc4 Ne2 46. Kxb4
Nxg3 47. Kc4 e5 48. fxe5 dxe5 49. b4 g5 50. b5 gxh4 51. b6 h3 52. b7 h2 53.
b8=Q h1=Q 54. Qxe5+ Kf7 55. Qxg3 h4 56. Qf4+ Kg7 57. Qg5+ Kf7 58. Qf5+ Kg7 59.
Qg5+ Kf7 60. Qf4+ Kg7 61. Qc7+ Kh6 62. Qd6+ Kg5 63. Qd2+ Kf6 64. Kd5 h3 65.
Qh6+ Kf7 66. Bb3 Qf3 67. Bc4 Ke7 68. Qg7+ Kd8 69. Bb5 Qb3+ 70. Bc4 Qf3 71. Qh8+
Ke7 72. Qe5+ Kf8 73. Kd6 Qa3+ 74. Kc6 Qa8+ 75. Kb6 Qd8+ 76. Kb5 Qd7+ 77. Kb4
Qb7+ 78. Kc3 h2 79. Qh8+ Ke7 80. Qg7+ Kd8 81. Qxb7 h1=Q 82. Qd5+ Kc7 83. Qe5+
Kb6 84. Qd6+ Kb7 85. Bd5+ Kc8 86. Qf8+ Kc7 87. Qe7+ Kc8 88. Qb7+ Kd8 89. Qb6+
Ke7 90. Qc7+ Ke8 91. Kb4 Qb1+ 92. Kc5 Qg1+ 93. Kc6 Qc1+ 94. Kb7 Qb2+ 95. Kc8
Qg7 96. Qd8# 1-0

[Event "Superettan(Upsala-Orebro)"]
[Site "?"]
[Date "2011.10.22"]
[Round "1"]
[White "Drugge, Patrick"]
[Black "Marttala, Thomas"]
[Result "1-0"]
[WhiteElo "2230"]
[BlackElo "2276"]
[PlyCount "85"]

1. e4 c5 2. Nc3 Nc6 3. g3 g6 4. Bg2 Bg7 5. d3 e6 6. f4 d6 7. Nf3 Nge7 8. O-O
O-O 9. Be3 Nd4 10. e5 Nef5 11. Bf2 Nxf3+ 12. Qxf3 Nd4 13. Qd1 Rb8 14. Ne4 dxe5
15. c3 Nf5 16. Bxc5 exf4 17. Bxf8 Qxf8 18. Rxf4 h5 19. Qa4 a6 20. Qc4 Bd7 21.
Qc7 Bc6 22. Re1 Rc8 23. Qb6 Qe7 24. Nf2 Bxg2 25. Kxg2 Rc6 26. Qa5 Qd7 27. a4
Qc8 28. Qb4 Bf8 29. Qe4 Qd7 30. g4 hxg4 31. Nxg4 Bg7 32. d4 Nh4+ 33. Kh3 f5 34.
Ne5 Bxe5 35. Qxe5 g5 36. Rg1 Ng6 37. Rxg5 Kf7 38. Rxg6 Kxg6 39. Kg2 Rb6 40. Rf2
Qxa4 41. Kh3 Qd7 42. Rg2+ Kh7 43. Qf6 1-0

[Event "Superettan(Upsala-Orebro)"]
[Site "?"]
[Date "2011.10.22"]
[Round "1"]
[White "Thorgeirsson, Sverrir"]
[Black "Blomstrom, Lars"]
[Result "1-0"]
[WhiteElo "2213"]
[BlackElo "2149"]
[PlyCount "83"]
[EventDate "2011.??.??"]

1. e4 e5 2. Bc4 Nf6 3. d3 Nc6 4. Nc3 Be7 5. f4 d6 6. a3 exf4 7. Bxf4 Ne5 8. Bb3
c6 9. Nf3 Ng6 10. Bg3 O-O 11. O-O d5 12. exd5 cxd5 13. Bf2 a6 14. Bd4 Be6 15.
Qd2 Bd6 16. Bxf6 Qxf6 17. Bxd5 Bf4 18. Qf2 Rab8 19. Bxe6 Qxe6 20. Rfe1 Qg4 21.
Re4 Qf5 22. Rae1 Bd6 23. Ne2 Rfc8 24. c3 h6 25. d4 b5 26. Ng3 Qd5 27. Kh1 a5
28. Ne5 Nxe5 29. dxe5 Bc5 30. Qf3 Rd8 31. Rf1 Qe6 32. Nf5 Rb6 33. Qg3 Bf8 34.
Nxg7 Bxg7 35. Rg4 Qxg4 36. Qxg4 Rg6 37. Qf3 Rf8 38. Qd5 Re6 39. Re1 Rfe8 40.
Qxb5 Bxe5 41. Qxa5 Kh7 42. Rf1 1-0

[Event "Superettan(Upsala-Orebro)"]
[Site "?"]
[Date "2011.10.22"]
[Round "1"]
[White "Jonsson, Krister"]
[Black "Lindberg, Henrik"]
[Result "1-0"]
[WhiteElo "2120"]
[BlackElo "2260"]
[PlyCount "65"]

1. d4 Nf6 2. c4 e6 3. Nf3 b6 4. Bf4 Bb7 5. e3 Bb4+ 6. Nfd2 c5 7. a3 Bxd2+ 8.
Nxd2 cxd4 9. exd4 d6 10. Be2 Nc6 11. Nf3 O-O 12. O-O Rc8 13. b4 Ne4 14. Qd3 Ne7
15. Ng5 Nxg5 16. Bxg5 Ba6 17. b5 Bb7 18. Rfc1 h6 19. Bd2 Rc7 20. Bb4 a5 21. Bd2
Qd7 22. a4 f5 23. Ra3 e5 24. dxe5 dxe5 25. c5 Qxd3 26. Rxd3 Be4 27. Rd6 Rxc5
28. Rxc5 bxc5 29. Bxa5 Ra8 30. Rd8+ Kf7 31. Bc4+ Kf6 32. Rxa8 Bxa8 33. Bd8 1-0

[Event "Superettan(Upsala-Orebro)"]
[Site "?"]
[Date "2011.10.22"]
[Round "1"]
[White "Johansson, Thomas"]
[Black "Skoog, Daniel"]
[Result "1/2-1/2"]
[WhiteElo "2274"]
[BlackElo "1833"]
[PlyCount "82"]

1. d4 d5 2. c4 e6 3. Nc3 Be7 4. Nf3 Nf6 5. Bg5 h6 6. Bxf6 Bxf6 7. e3 O-O 8. Qd2
c6 9. O-O-O Nd7 10. e4 dxc4 11. Bxc4 b5 12. Bb3 Qa5 13. e5 Be7 14. Kb1 c5 15.
Nd5 Qd8 16. Nxe7+ Qxe7 17. d5 exd5 18. Bxd5 Rb8 19. Rhe1 Nb6 20. Bc6 Bf5+ 21.
Ka1 Rfd8 22. Qf4 Bd7 23. Be4 Be6 24. Nh4 Rxd1+ 25. Rxd1 Rd8 26. Re1 Qg5 27.
Qxg5 hxg5 28. Nf5 Rd2 29. Nd6 b4 30. h4 gxh4 31. f4 g6 32. Nb7 c4 33. Nc5 Bd5
34. a4 bxa3 35. bxa3 Bxe4 36. Nxe4 Rxg2 37. Nf6+ Kg7 38. Rd1 h3 39. Rd8 h2 40.
Rg8+ Kh6 41. Rh8+ Kg7 1/2-1/2

[Event "Superettan(Upsala-Burgsvik)"]
[Site "?"]
[Date "2011.10.23"]
[Round "2"]
[White "Fries Nielsen, Jens Ove"]
[Black "Andersson, Fredrik"]
[Result "1-0"]
[WhiteElo "2404"]
[BlackElo "2374"]
[PlyCount "99"]
[EventDate "2011.??.??"]

1. d4 Nf6 2. Nf3 g6 3. c4 Bg7 4. Nbd2 O-O 5. e4 d6 6. Qc2 Nbd7 7. c5 dxc5 8.
dxc5 c6 9. Rb1 Qc7 10. b3 b6 11. cxb6 axb6 12. Bc4 Nc5 13. O-O Bg4 14. Re1 e5
15. a4 Ne6 16. h3 Bxf3 17. Nxf3 Rfe8 18. Bb2 Nh5 19. Rbc1 Nhf4 20. Bf1 c5 21.
g3 Nh5 22. Rcd1 Red8 23. Qc4 Nd4 24. Bxd4 exd4 25. e5 Re8 26. Rxd4 Rxe5 27.
Nxe5 Bxe5 28. Rde4 Bf6 29. g4 Ng7 30. Bg2 Rd8 31. Rf4 Bd4 32. Rf3 Ne6 33. h4
Qe7 34. g5 Qc7 35. Bf1 Qc6 36. Bg2 Qc7 37. Re4 Kg7 38. Bh3 Qb7 39. Qe2 Rd6 40.
Kg2 Nd8 41. Re7 Qc6 42. Ra7 h6 43. Qe7 hxg5 44. hxg5 Qd5 45. Bd7 Bxf2 46. Qxd8
Bg1 47. Qe7 Bh2 48. Be6 Rxe6 49. Qxf7+ Kh8 50. Qh7# 1-0

[Event "Superettan(Upsala-Burgsvik)"]
[Site "?"]
[Date "2011.10.23"]
[Round "2"]
[White "Glimbrant, Torbjorn"]
[Black "Fries Nielsen, Niels J"]
[Result "1/2-1/2"]
[WhiteElo "2322"]
[BlackElo "2395"]
[PlyCount "64"]
[SourceDate "2011.11.07"]

1. c4 g6 2. g3 Bg7 3. Bg2 e6 4. Nc3 Ne7 5. d4 d5 6. cxd5 exd5 7. Nf3 O-O 8. O-O
c6 9. a4 a5 10. b3 Na6 11. Ba3 Re8 12. e3 Nf5 13. Ne5 Nd6 14. Nd3 Bf5 15. Rc1
Bf8 16. Bb2 Qe7 17. Re1 Ne4 18. Nxe4 Bxe4 19. Bxe4 Qxe4 20. Nc5 Nxc5 21. dxc5
Bg7 22. Bxg7 Kxg7 23. Qd4+ f6 24. Red1 Qf3 25. Qc3 Re4 26. Rd4 h5 27. Rxe4 Qxe4
28. h4 Qe5 29. Qd4 Re8 30. Qd2 Qc7 31. Rc3 Re4 32. Rd3 Rb4 1/2-1/2

[Event "Superettan(Upsala-Burgsvik)"]
[Site "?"]
[Date "2011.10.23"]
[Round "2"]
[White "Andersson, Bjorn"]
[Black "Burwick, Malte"]
[Result "1-0"]
[WhiteElo "2302"]
[BlackElo "2289"]
[PlyCount "89"]

1. e4 g6 2. d4 Bg7 3. Nf3 d6 4. Nc3 a6 5. Be2 Nd7 6. O-O b5 7. a4 b4 8. Na2 a5
9. c3 bxc3 10. Nxc3 c6 11. Be3 Ba6 12. Rc1 Qb8 13. Rc2 Ngf6 14. Bxa6 Rxa6 15.
Qe2 Ra8 16. Qc4 O-O 17. Rfc1 Rc8 18. Qa2 e6 19. h3 Qb7 20. Nd2 d5 21. f3 Ne8
22. Ne2 Bf8 23. f4 Qa6 24. Ng3 dxe4 25. Ndxe4 Nef6 26. Bf2 Nd5 27. Qb3 Nxf4 28.
Qf3 Nd3 29. Rxc6 Nxc1 30. Ng5 f6 31. Rxa6 Rxa6 32. Qb7 Rac6 33. Nxe6 Nb6 34.
Nxf8 Kxf8 35. Qxh7 Nd3 36. Be3 Nb4 37. Qxg6 Ke7 38. Nf5+ Ke6 39. Qg4 N6d5 40.
Bd2 Rd8 41. Nh6+ Kd6 42. Nf7+ Kc7 43. Nxd8 Kxd8 44. Bxb4 Nxb4 45. Qf5 1-0

[Event "Superettan(Upsala-Burgsvik)"]
[Site "?"]
[Date "2011.10.23"]
[Round "2"]
[White "Lundvik, Jonas"]
[Black "Larsson, Victor"]
[Result "1/2-1/2"]
[WhiteElo "2294"]
[BlackElo "2193"]
[PlyCount "140"]

1. Nf3 d5 2. g3 Nf6 3. Bg2 e6 4. O-O Be7 5. c4 O-O 6. b3 Nbd7 7. Bb2 b6 8. d4
Bb7 9. Ne5 c5 10. Nxd7 Qxd7 11. dxc5 bxc5 12. cxd5 exd5 13. Nc3 Rac8 14. Rc1
Rfd8 15. Qd3 Qe6 16. Rfe1 c4 17. Qd4 Bc5 18. Qf4 Ba8 19. bxc4 d4 20. Nd5 Nxd5
21. cxd5 Bxd5 22. Rxc5 Bxg2 23. Rxc8 Qxc8 24. Rc1 Qb7 25. Rc7 Qd5 26. Qxd4 Qxd4
27. Bxd4 Bh3 28. Rxa7 h5 29. Ra4 Rc8 30. f3 Rc1+ 31. Kf2 Rh1 32. Ra5 Rxh2+ 33.
Ke1 Be6 34. Bg1 Rg2 35. Bf2 Rh2 36. a4 Rh1+ 37. Kd2 Ra1 38. Bb6 Bb3 39. Ra8+
Kh7 40. a5 Bc4 41. Re8 Ra2+ 42. Ke1 Kg6 43. Re5 Kf6 44. f4 Kg6 45. Kf2 f6 46.
Re7 Kf5 47. Kf3 Ra3+ 48. e3 g5 49. fxg5 fxg5 50. Rc7 Bd5+ 51. Ke2 h4 52. gxh4
gxh4 53. Rh7 Ra2+ 54. Kd3 Be4+ 55. Kd4 Rd2+ 56. Kc3 Rc2+ 57. Kb3 Kg4 58. Re7
Bg6 59. a6 Rc6 60. Rb7 Be4 61. a7 Rc3+ 62. Kxc3 Bxb7 63. Kd4 Kf3 64. Bc7 h3 65.
Bf4 Ba8 66. Bh2 Bb7 67. Bd6 Ba8 68. Bf4 Bb7 69. Kc5 h2 70. Bxh2 Kxe3 1/2-1/2

[Event "Superettan(Upsala-Burgsvik)"]
[Site "?"]
[Date "2011.10.23"]
[Round "2"]
[White "Krupenski, Juri"]
[Black "Johansson, Thomas"]
[Result "1-0"]
[WhiteElo "2256"]
[BlackElo "2274"]
[PlyCount "61"]

1. d4 Nf6 2. Nf3 e6 3. c4 Bb4+ 4. Bd2 c5 5. dxc5 Bxc5 6. Nc3 Nc6 7. e3 O-O 8.
a3 b6 9. Bd3 Be7 10. Qc2 Bb7 11. Ne4 Nxe4 12. Bxe4 f5 13. Bd3 Bf6 14. Bc3 Rc8
15. Rd1 Na5 16. Bxa5 bxa5 17. O-O Qb6 18. Rb1 Bxf3 19. gxf3 Be7 20. Rfd1 Rc7
21. f4 Bc5 22. Qe2 Qb8 23. Qd2 Rf6 24. Qxa5 Rg6+ 25. Kf1 Bxe3 26. fxe3 Qb7 27.
Ke1 Qf3 28. Kd2 Rg2+ 29. Kc3 Rc8 30. Qxa7 Ra8 31. Qxd7 1-0

[Event "Superettan(Upsala-Burgsvik)"]
[Site "?"]
[Date "2011.10.23"]
[Round "2"]
[White "Marttala, Thomas"]
[Black "Linusson, Pelle"]
[Result "1/2-1/2"]
[WhiteElo "2276"]
[BlackElo "2127"]
[PlyCount "99"]
[EventDate "2011.??.??"]

1. e4 e5 2. Nf3 Nc6 3. Bb5 a6 4. Ba4 Nf6 5. Qe2 d6 6. c3 g6 7. O-O Bg7 8. d4 b5
9. Bb3 O-O 10. dxe5 Nxe5 11. Nxe5 dxe5 12. a4 Bb7 13. f3 c5 14. Rd1 Qb6 15. Be3
Rfd8 16. Na3 Bc6 17. axb5 axb5 18. Nc2 Rxa1 19. Rxa1 Bf8 20. Nb4 Bb7 21. Nd3
Qc7 22. c4 b4 23. Rd1 Nh5 24. Qf2 Nf4 25. Bxf4 exf4 26. Qh4 Bg7 27. Qxf4 Qxf4
28. Nxf4 Rxd1+ 29. Bxd1 Bxb2 30. Nd5 Kf8 31. Kf2 Bc6 32. Ke2 Ke8 33. Kd3 Kd7
34. f4 f6 35. h3 Kd6 36. g4 h6 37. h4 g5 38. hxg5 hxg5 39. e5+ fxe5 40. fxg5
Be8 41. Nf6 Bg6+ 42. Ke3 Bc1+ 43. Kf3 Ke6 44. Ne4 Bxe4+ 45. Kxe4 Bxg5 46. Bc2
Kf6 47. Ba4 Bh4 48. Kf3 Be1 49. Bd1 Bc3 50. Ke4 1/2-1/2

[Event "Superettan(Upsala-Burgsvik)"]
[Site "?"]
[Date "2011.10.23"]
[Round "2"]
[White "Scheid, Adam"]
[Black "Thorgeirsson, Sverrir"]
[Result "0-1"]
[WhiteElo "1977"]
[BlackElo "2213"]
[PlyCount "66"]
[SourceDate "2011.11.07"]

1. d4 d5 2. c4 c6 3. Nc3 Nf6 4. Nf3 e6 5. Bg5 Nbd7 6. e3 Qa5 7. Nd2 Bb4 8. Qc2
O-O 9. Be2 c5 10. dxc5 Qxc5 11. O-O Bxc3 12. Qxc3 d4 13. exd4 Qxg5 14. f4 Qg6
15. Rae1 b6 16. Rf3 h5 17. Rg3 Qh6 18. Rg5 Bb7 19. Qh3 g6 20. Bd3 Kh8 21. Nf3
Nh7 22. d5 Nxg5 23. fxg5 Qg7 24. dxe6 Bxf3 25. e7 Qd4+ 26. Kh1 Qxd3 27. exf8=Q+
Nxf8 28. Qxf3 Qxf3 29. gxf3 Ne6 30. h4 Rd8 31. Re2 Rd4 32. b3 Rxh4+ 33. Kg2
Nf4+ 0-1

[Event "Superettan(Upsala-Burgsvik)"]
[Site "?"]
[Date "2011.10.23"]
[Round "2"]
[White "Lindberg, Henrik"]
[Black "Akerman, Axel"]
[Result "1/2-1/2"]
[WhiteElo "2260"]
[BlackElo "2125"]
[PlyCount "72"]

1. e4 c5 2. Nf3 Nc6 3. d4 cxd4 4. Nxd4 Nf6 5. Nc3 e5 6. Ndb5 d6 7. Bg5 a6 8.
Na3 b5 9. Nd5 Be7 10. Bxf6 Bxf6 11. c3 O-O 12. Nc2 Bg5 13. a4 bxa4 14. Rxa4 a5
15. Bc4 Rb8 16. b3 Kh8 17. O-O g6 18. b4 f5 19. exf5 gxf5 20. f4 exf4 21. bxa5
Ne5 22. Qd4 f3 23. gxf3 Rb2 24. Ra2 Rxa2 25. Bxa2 Bf6 26. Nxf6 Qxf6 27. Bd5 f4
28. Kh1 Be6 29. Nb4 Bxd5 30. Nxd5 Qh6 31. a6 Qh3 32. Rf2 Qf5 33. Rf1 Qh3 34.
Rf2 Qf5 35. Rb2 Qh3 36. Rf2 Qf5 1/2-1/2

[Event "Superettan(Lulea-Rodeby)"]
[Site "?"]
[Date "2011.10.23"]
[Round "2"]
[White "Ostling, Hakan"]
[Black "Astrom, Robert"]
[Result "1-0"]
[WhiteElo "2238"]
[BlackElo "2500"]
[PlyCount "81"]

1. f4 d5 2. Nf3 g6 3. g3 Bg7 4. Bg2 Nf6 5. O-O O-O 6. d3 c5 7. Qe1 Nc6 8. c3 d4
9. Na3 Be6 10. h3 Rc8 11. c4 a6 12. Bd2 Qc7 13. b4 b6 14. b5 axb5 15. Nxb5 Qd8
16. a4 Ne8 17. a5 Nd6 18. Ng5 Bd7 19. Nxd6 exd6 20. Ne4 bxa5 21. Nxd6 Ra8 22.
Nb7 Qc8 23. Nxa5 Nxa5 24. Bxa8 Qxa8 25. Rxa5 Qc8 26. g4 h5 27. f5 gxf5 28. gxh5
Kh7 29. Bf4 Re8 30. Ra2 Be5 31. Qf2 Qc7 32. Kh2 Bc6 33. Bxe5 Rxe5 34. Qg3 Qe7
35. Rf2 Qe6 36. Rb2 Ba8 37. Rb8 Bc6 38. Qg8+ Kh6 39. Qh8+ Kg5 40. Rg8+ Kh4 41.
Rf4# 1-0

[Event "Superettan(Lulea-Rodeby)"]
[Site "?"]
[Date "2011.10.23"]
[Round "2"]
[White "Larsson, Anders"]
[Black "Greiff, Hakan"]
[Result "1-0"]
[WhiteElo "2356"]
[BlackElo "2309"]
[PlyCount "77"]

1. e4 e5 2. Nf3 Nc6 3. Bb5 a6 4. Ba4 d6 5. Nc3 Bd7 6. d3 Be7 7. Nd5 Nf6 8. Nxe7
Nxe7 9. Bb3 Ng6 10. Ng5 Rf8 11. h3 h6 12. Nf3 Be6 13. Be3 Bxb3 14. axb3 Nd7 15.
Qd2 Nh4 16. Nxh4 Qxh4 17. Qa5 Qd8 18. Qd5 Qc8 19. O-O Nb8 20. f4 Nc6 21. fxe5
Nxe5 22. d4 Nc6 23. Qc4 Qd7 24. b4 Rc8 25. b5 axb5 26. Qxb5 Nd8 27. Qh5 Qe6 28.
Rae1 Qg6 29. Qf3 c6 30. c4 Ne6 31. d5 Nd8 32. e5 cxd5 33. exd6 Kd7 34. Bf4 Ne6
35. Qxd5 Rc6 36. Bh2 Qg5 37. Re5 Qd8 38. Rxf7+ Rxf7 39. Qxe6# 1-0

[Event "Superettan(Lulea-Rodeby)"]
[Site "?"]
[Date "2011.10.23"]
[Round "2"]
[White "Wahlbom, Magnus"]
[Black "Engstrom, Kaj"]
[Result "1/2-1/2"]
[WhiteElo "2294"]
[BlackElo "2285"]
[PlyCount "83"]

1. d4 c5 2. d5 e5 3. e4 a6 4. a4 d6 5. Nf3 Be7 6. Nbd2 Nh6 7. Nc4 Nd7 8. a5 b5
9. axb6 Nxb6 10. Nxb6 Qxb6 11. Nd2 O-O 12. Nc4 Qd8 13. Bxh6 gxh6 14. Qh5 f5 15.
Bd3 fxe4 16. Bxe4 Rf4 17. Qe2 Bf8 18. O-O Ra7 19. g3 Rg7 20. Kh1 Rfg4 21. Qd3
Rf7 22. Ne3 Rg5 23. f4 exf4 24. Rxf4 Rxf4 25. gxf4 Rh5 26. Nf5 Bxf5 27. Bxf5
Qh4 28. Be6+ Kh8 29. Qd2 Qf6 30. Qg2 Qg6 31. Rxa6 Rh4 32. Ra8 Rxf4 33. Qxg6
hxg6 34. Kg2 g5 35. Ra7 Bg7 36. c3 h5 37. h3 Rf8 38. Bf7 Rb8 39. Ra2 h4 40. Kf3
Rf8 41. Ra7 Rb8 42. Ra2 1/2-1/2

[Event "Superettan(Lulea-Rodeby)"]
[Site "?"]
[Date "2011.10.23"]
[Round "2"]
[White "Marklund, Niklas"]
[Black "Bernhardsson, Sten"]
[Result "0-1"]
[WhiteElo "2240"]
[BlackElo "2009"]
[PlyCount "70"]
[EventDate "2011.??.??"]

1. d4 d5 2. c4 e6 3. Nc3 Nf6 4. cxd5 exd5 5. Bg5 Be7 6. e3 O-O 7. Bd3 Nbd7 8.
Nge2 Re8 9. Qc2 c6 10. O-O-O b5 11. f3 b4 12. Na4 Bb7 13. Kb1 Qa5 14. g4 Ba6
15. Bxa6 Qxa6 16. Bf4 Nb6 17. Nxb6 axb6 18. Nc1 c5 19. dxc5 bxc5 20. h4 c4 21.
h5 b3 22. Qd2 bxa2+ 23. Ka1 Qa4 24. Rh2 Rec8 25. Be5 Nd7 26. Bc3 Bf6 27. Bxf6
Nxf6 28. g5 Ne8 29. Qxd5 Ra5 30. Qd4 Rxg5 31. h6 Qc6 32. f4 Rg6 33. Rdh1 Rd6
34. Qc3 Qe4 35. hxg7 Qb1# 0-1

[Event "Superettan(Lulea-Rodeby)"]
[Site "?"]
[Date "2011.10.23"]
[Round "2"]
[White "Eriksson, Bengt"]
[Black "Radovic, Stefan"]
[Result "0-1"]
[WhiteElo "2119"]
[BlackElo "2200"]
[PlyCount "106"]

1. d4 d5 2. Bg5 h6 3. Bh4 c6 4. Nf3 Nf6 5. Bxf6 exf6 6. e3 Bd6 7. Bd3 Qb6 8. b3
O-O 9. O-O a5 10. c4 Qd8 11. Nc3 Na6 12. a3 Be6 13. Qe2 Re8 14. Rfb1 Nc7 15. c5
Bf8 16. b4 axb4 17. axb4 Bg4 18. h3 Bxf3 19. Qxf3 Qe7 20. b5 Ne6 21. Qe2 g6 22.
Qb2 f5 23. g3 Ng5 24. Kg2 Ne4 25. Rxa8 Rxa8 26. Bxe4 fxe4 27. Ra1 Rxa1 28. Qxa1
Qd7 29. bxc6 bxc6 30. Qa6 Be7 31. Na2 Qf5 32. Nc3 Qe6 33. g4 h5 34. gxh5 gxh5
35. Ne2 Bg5 36. Qa8+ Kg7 37. Qb8 h4 38. Nf4 Qf5 39. Qd6 Bxf4 40. exf4 Qg6+ 41.
Kf1 Qxd6 42. cxd6 Kf8 43. f5 Ke8 44. f3 exf3 45. Kf2 Kd7 46. Kxf3 Kxd6 47. Kg4
c5 48. dxc5+ Kxc5 49. Kxh4 d4 50. Kg3 Kc4 51. Kf2 Kc3 52. h4 d3 53. Ke1 Kc2 0-1

[Event "Superettan(Lulea-Rodeby)"]
[Site "?"]
[Date "2011.10.23"]
[Round "2"]
[White "Rolen, Magnus"]
[Black "Dolgov, Mikhail"]
[Result "1-0"]
[WhiteElo "2165"]
[BlackElo "2010"]
[PlyCount "69"]

1. Nc3 Nf6 2. e4 e5 3. f4 d5 4. fxe5 Nxe4 5. Nf3 Nc6 6. Bb5 Nxc3 7. dxc3 Be7 8.
Bf4 Bg4 9. Qd3 Qd7 10. O-O-O Rd8 11. Qe3 O-O 12. h3 Be6 13. Kb1 a6 14. Bd3 b5
15. g4 Na5 16. Ng5 Nc4 17. Qe2 c5 18. Nxh7 Rfe8 19. Ng5 Rb8 20. Nxe6 Qxe6 21.
Bf5 Qc6 22. e6 Bd6 23. exf7+ Kxf7 24. Qf2 b4 25. Bxd6 Qxd6 26. Rxd5 Re2 27.
Qxe2 Qxd5 28. Rd1 bxc3 29. Rxd5 Na3+ 30. Kc1 cxb2+ 31. Kd2 b1=Q 32. Be6+ Ke8
33. Bc8+ Kf8 34. Rd8+ Kf7 35. Qe6# 1-0

[Event "Superettan(Lulea-Rodeby)"]
[Site "?"]
[Date "2011.10.23"]
[Round "2"]
[White "Lundgren, Ulf"]
[Black "Marcussen, Arno"]
[Result "0-1"]
[WhiteElo "1910"]
[BlackElo "2147"]
[PlyCount "58"]

1. e4 c5 2. Nf3 Nc6 3. d4 cxd4 4. Nxd4 Nf6 5. Nxc6 bxc6 6. Nc3 e6 7. a3 d5 8.
exd5 cxd5 9. Bb5+ Bd7 10. O-O Bd6 11. Bxd7+ Qxd7 12. f4 O-O 13. Kh1 Rab8 14.
Qd3 Rfc8 15. Rb1 Qc6 16. Be3 Bc5 17. Bd4 Bxd4 18. Qxd4 Qc5 19. Qxc5 Rxc5 20.
Rfc1 Rbc8 21. Kg1 Rc4 22. g3 Ng4 23. Nb5 Rb8 24. Nc3 Rbc8 25. Nb5 Rxc2 26. Rxc2
Rxc2 27. Nxa7 Nxh2 28. b4 Nf3+ 29. Kf1 Nd2+ 0-1

[Event "Superettan(Lulea-Rodeby)"]
[Site "?"]
[Date "2011.10.23"]
[Round "2"]
[White "Pousette, Gunnar"]
[Black "Lacic, Dragan"]
[Result "1-0"]
[WhiteElo "2082"]
[BlackElo "1933"]
[PlyCount "83"]

1. c4 c5 2. g3 g6 3. Bg2 Bg7 4. Nc3 e6 5. e4 Nc6 6. Nge2 Nge7 7. O-O O-O 8. d3
d6 9. a3 Bd7 10. Rb1 Nd4 11. b4 Nxe2+ 12. Nxe2 Rb8 13. b5 e5 14. h3 Be6 15. Nc3
Qd7 16. Kh2 h6 17. Nd5 b6 18. a4 Kh7 19. f4 f5 20. Bb2 Bxd5 21. cxd5 exf4 22.
gxf4 Bxb2 23. Rxb2 Rbe8 24. Qf3 Rd8 25. Re2 Qc7 26. Qg3 Rf7 27. Rfe1 Rg7 28.
Bf3 Rd7 29. Rg1 Qd8 30. Reg2 Qg8 31. Qh4 Qf7 32. Bh5 Rb7 33. e5 Qxd5 34. Qf6
dxe5 35. Rxg6 Nxg6 36. Bxg6+ Kh8 37. Bxf5 Qa2+ 38. Kh1 Qd5+ 39. Be4 Qf7 40.
Qxh6+ Rh7 41. Bxh7 Qxh7 42. Qf8+ 1-0

[Event "Superettan(Orgryte-SodraSASS)"]
[Site "?"]
[Date "2011.11.12"]
[Round "2"]
[White "Furhoff, Johan"]
[Black "Ziegler, Ari"]
[Result "1-0"]
[WhiteElo "2403"]
[BlackElo "2382"]
[PlyCount "77"]
[EventDate "2011.??.??"]
[SourceDate "2011.11.20"]

1. e4 e6 2. d4 d5 3. Nd2 Nf6 4. e5 Nfd7 5. c3 c5 6. f4 Nc6 7. Ndf3 Qb6 8. a3 a5
9. Ne2 cxd4 10. cxd4 Be7 11. h4 f6 12. Nc3 fxe5 13. fxe5 Rf8 14. Nb5 a4 15. Bg5
Ra5 16. Qd3 Rxb5 17. Qxb5 Nxd4 18. Qxb6 Nxf3+ 19. gxf3 Nxb6 20. Rc1 Bd8 21. Bd3
Bxg5 22. hxg5 Rxf3 23. Ke2 Rg3 24. Rxh7 Bd7 25. Rxg7 Kf8 26. Rg6 Rg2+ 27. Ke3
Rg3+ 28. Kd4 Be8 29. Rf1+ Ke7 30. Rg7+ Kd8 31. Rf8 Rg4+ 32. Kc5 Nc4 33. Bxc4
Rxc4+ 34. Kb6 d4 35. Rgg8 Rc6+ 36. Kxb7 Rc7+ 37. Kb6 Re7 38. g6 d3 39. g7 1-0

[Event "Superettan(Orgryte-SodraSASS)"]
[Site "?"]
[Date "2011.11.12"]
[Round "2"]
[White "Winge, Stefan"]
[Black "Arnelind, Mikael"]
[Result "0-1"]
[WhiteElo "2312"]
[BlackElo "2192"]
[PlyCount "140"]
[EventDate "2011.??.??"]
[SourceDate "2011.11.20"]

1. e4 e6 2. d4 d5 3. Nc3 Bb4 4. e5 c5 5. a3 Bxc3+ 6. bxc3 Ne7 7. a4 Qc7 8. Nf3
h6 9. Bb5+ Bd7 10. Bd3 Nbc6 11. Ba3 cxd4 12. O-O Nxe5 13. Nxe5 Qxe5 14. Re1 Qf6
15. cxd4 Bc6 16. Bd6 Ng6 17. Qg4 Kd7 18. Bc5 Qh4 19. Qf3 Qf4 20. Qe2 Qg5 21.
Bb5 Rhc8 22. g3 b6 23. Ba3 Bxb5 24. axb5 Rc4 25. Qd3 Qf6 26. c3 h5 27. h4 Rac8
28. Bb4 R8c7 29. Re3 Ne7 30. Qh7 Qg6 31. Qxg6 Nxg6 32. f3 Rb7 33. Kg2 Rc8 34.
Kh3 Rbc7 35. Re2 Rb7 36. Rea2 Rcc7 37. Ra3 Kc8 38. Kg2 Rd7 39. Kf2 Rbc7 40. Ke3
Kb8 41. Kd3 Ne7 42. Bxe7 Rxe7 43. Rg1 Re8 44. Ra2 Rec8 45. Rc2 Rc4 46. Re1 Ra4
47. Re5 g6 48. g4 hxg4 49. fxg4 Ra1 50. Ree2 Rg1 51. Rg2 Rxg2 52. Rxg2 Rh8 53.
Rh2 g5 54. h5 f5 55. Ke3 Rh7 56. Kf3 Kc7 57. Rg2 f4 58. Re2 Kd6 59. Re5 Rg7 60.
Ke2 Ke7 61. c4 dxc4 62. d5 Kd6 63. Rxe6+ Kxd5 64. Rc6 Re7+ 65. Kf2 Kd4 66. h6
c3 67. Rd6+ Kc4 68. Rc6+ Kb3 69. Rg6 c2 70. Rg7 Re8 0-1